00643nam a22002177a 450000500170000001000110001702000180002803500110004603700160005704000120007308200180008524500700010324600060017326000450017927000400022430000250026450000510028965000390034065000300037970000160040920170124105922.0 a806515 c00a070690429 a806515 bCen Lib/Ret aDPLbEN a396.0954bIND aIndian women :cedited by B.R. Nanda bfrom purdah to modernity / b  bVikas Publishing Housec1976aNew Delhi  bNew Delhi a5, ansari road e110002 axvi, 187p.c20cm(Hb) aIncludes bibliographical references and index  aSocial condition xWomen zIndian  aWomen xIndian societies  aNanda, B.R.